Les entraineurs de Ligue 1 2023/2024 - Statistiques

Statistiques générales
  • Ce quiz a été pris 151 fois
  • Le résultat moyen est 15 sur 18
Statistiques - réponses
Hint Réponse % Correct
Luis Enrique Paris Saint-Germain
96%
Antoine Kombouaré FC Nantes
91%
Franck Haise RC Lens
91%
Will Still Stade de Reims
91%
Pierre Sage Olympique Lyonnais
90%
Jean-Louis Gasset Olympique de Marseille
88%
Adi Hütter AS Monaco
86%
Paulo Fonseca LOSC Lille
85%
Pascal Gastien Clermont Foot 63
82%
Patrick Vieira RC Strasbourg
80%
Éric Roy Stade Brestois 29
80%
Michel Der Zakarian Montpellier HSC
79%
Francesco Farioli OGC Nice
78%
Julien Stéphan Stade Rennais FC
74%
Régis Le Bris FC Lorient
73%
László Bölöni FC Metz
69%
Carles Martínez Novell Toulouse FC
69%
Luka Elsner Le Havre AC
65%
Aucun quiz correspondant
Distribution des résultats
% des personnes avec chaque résultat
Percentile par nombre de réponses
Votre historique - résultats
Vous n’avez pas pris ce quiz